My Singing Monsters: All Islands - Statistics

General Stats
  • This quiz has been taken 103 times
    37 since last reset
  • The average score is 27 of 36
Answer Stats
Picture Answer % Correct
Water Island
94%
Mirror Water Island
89%
Gold Island
88%
Earth Island
86%
Mirror Plant Island
86%
Plant Island
85%
Fire Oasis
84%
Psychic Island
84%
Faerie Island
83%
Amber Island
81%
Composer Island
81%
Light Island
81%
Mythical Island
81%
Air Island
80%
Cold Island
80%
Ethereal Island
80%
Mirror Cold Island
80%
Wublin Island
80%
Fire Haven
79%
Mirror Earth Island
79%
Mirror Psychic Island
79%
Ethereal Workshop
76%
Shugabush Island
76%
Tribal Island
76%
Bone Island
75%
Mirror Air Island
75%
Mirror Faerie Island
75%
Mirror Light Island
75%
Mech Islet
74%
Mirror Bone Island
73%
Magical Sanctum
72%
Seasonal Shanty
72%
Magical Nexus
68%
Plasma Islet
68%
Celestial Island
67%
Shadow Islet
63%
The Colossingum
42%
Minor Paironormal Carnival
39%
Major Paironormal Carnival
38%
No matching quizzes found
Score Distribution
Percent of People with Each Score
Percentile by Number Answered
Your Score History
You have not taken this quiz since the last reset